[Event "SVK-ch Open 2018"]
[Site "Banska Stiavnica"]
[Date "2018.07.10"]
[Round "4"]
[White "Molnar, Erno"]
[Black "Odler, Daniel"]
[Result "1-0"]
[WhiteElo "2231"]
[BlackElo "2067"]
[Annotator "NA"]
[PlyCount "103"]
[EventDate "2018.07.07"]
[EventType "swiss"]
[EventCountry "SVK"]
[SourceTitle "playchess.com"]
[Source "ChessBase"]
[SourceQuality "1"]
[TimeControl "40/5400+30:1800+30"]

1. e4 {[%emt 0:01:05]} c5 {[%emt 0:00:00]} 2. Nf3 {[%emt 0:00:08]} Nc6 {[%emt 0:00:15]} 3. d4 {[%emt 0:00:07]} cxd4 {[%emt 0:00:06]} 4. Nxd4 {[%emt 0:00:05]} Nf6 {[%emt 0:00:18]} 5. Nc3 {[%emt 0:00:06]} e6 {[%emt 0:00:14]} 6. Ndb5 {[%emt 0:00:10]} Bb4 {[%emt 0:00:17]} 7. a3 {[%emt 0:00:15]} Bxc3+ {[%emt 0:00:19]} 8. Nxc3 {[%emt 0:00:05]} d5 {[%emt 0:00:09]} 9. exd5 {[%emt 0:00:08]} exd5 {[%emt 0:00:14]} 10. Bd3 {[%emt 0:00:11]} O-O {[%emt 0:00:22]} 11. O-O {[%emt 0:01:13]} d4 {[%emt 0:00:35]} 12. Ne2 {[%emt 0:01:57]} Bg4 {[%emt 0:02:35]} 13. Bg5 $11 {[%emt 0:03:38] LiveBook: 153 Games} Re8 {[%emt 0:03:18]} 14. Re1 {[%emt 0:01:45]} Qd6 {[%emt 0:04:41]} 15. Qd2 {[%emt 0:01:25]} Rad8 {[%emt 0:10:13]} 16. Ng3 {[%emt 0:06:32]} Ne5 {[%emt 0:23:53]} 17. h3 {[%emt 0:20:13]} Bd7 {[%emt 0:10:23]} 18. Bf1 {[%emt 0:07:55]} h6 {[%emt 0:04:20]} 19. Bf4 {[%emt 0:03:15]} g5 {[%emt 0:01:09]} 20. Bxe5 {[%emt 0:01:31]} Rxe5 {[%emt 0:00:09]} 21. c4 {[%emt 0:12:21]} Be6 {[%emt 0:03:58]} 22. Bd3 {[%emt 0:05:03]} b6 {[%emt 0:02:25]} 23. Rxe5 {[%emt 0:01:36]} Qxe5 {[%emt 0:00:03]} 24. Re1 {[%emt 0:01:04]} Qc7 {[%emt 0:04:39]} 25. Qe2 {[%emt 0:02:58]} Qf4 {[%emt 0:05:59]} 26. b3 {[%emt 0:06:36]} a5 {[%emt 0:01:42]} 27. Bb1 {[%emt 0:05:47]} Qd6 {[%emt 0:08:15]} 28. Qd3 {[%emt 0:01:04]} Kf8 {[%emt 0:03:12]} 29. a4 {[%emt 0:01:50]} Qb4 {[%emt 0:01:12]} 30. Rd1 {[%emt 0:00:47]} Rd7 {[%emt 0:02:26]} 31. Ne2 {[%emt 0:01:25]} g4 {[%emt 0:02:05]} 32. h4 {[%emt 0:03:56]} Qc5 {[%emt 0:01:59]} 33. Bc2 {[%emt 0:01:53]} Ke7 {[%emt 0:02:40]} 34. g3 {[%emt 0:01:56]} Ke8 {[%emt 0:01:13]} 35. Nxd4 {[%emt 0:01:21]} Qe5 {[%emt 0:00:50]} 36. Qe2 {[%emt 0:05:11]} Qxe2 {[%emt 0:00:42]} 37. Nxe2 {[%emt 0:00:01]} Rxd1+ {[%emt 0:00:05]} 38. Bxd1 {[%emt 0:00:06]} h5 {[%emt 0:00:44]} 39. Nf4 {[%emt 0:00:35]} Bf5 {[%emt 0:00:26]} 40. Kf1 {[%emt 0:01:38]} Kd7 {[%emt 0:00:34]} 41. Ke2 {[%emt 0:03:27]} Kd6 {[%emt 0:00:55]} 42. Nd3 {[%emt 0:03:10]} Nd7 {[%emt 0:14:45]} 43. Ke3 {[%emt 0:01:34]} Bxd3 {[%emt 0:02:18]} 44. Kxd3 {[%emt 0:02:19]} Ke5 {[%emt 0:00:10]} 45. f3 {[%emt 0:03:19]} Nc5+ {[%emt 0:01:19]} 46. Kc3 {[%emt 0:00:46]} f5 {[%emt 0:07:35]} 47. b4 {[%emt 0:01:34]} f4 {[%emt 0:04:04]} 48. gxf4+ {[%emt 0:03:19]} Kxf4 {[%emt 0:00:02]} 49. bxc5 {[%emt 0:00:16]} g3 {[%emt 0:01:37]} 50. cxb6 {[%emt 0:00:13]} g2 {[%emt 0:01:05]} 51. b7 {[%emt 0:00:10]} g1=Q {[%emt 0:00:10]} 52. b8=Q+ {[%emt 0:00:18]} 1-0

[Event "SVK-ch Open 2018"]
[Site "Banska Stiavnica"]
[Date "2018.07.10"]
[Round "4"]
[White "Sikora, Jan"]
[Black "Posa, Norbert"]
[Result "0-1"]
[WhiteElo "2209"]
[BlackElo "2036"]
[Annotator "NA"]
[PlyCount "68"]
[EventDate "2018.07.07"]
[EventType "swiss"]
[EventCountry "SVK"]
[SourceTitle "playchess.com"]
[Source "ChessBase"]
[SourceQuality "1"]
[TimeControl "40/5400+30:1800+30"]

1. e4 {[%emt 0:00:00]} c6 {[%emt 0:00:00]} 2. Nc3 {[%emt 0:00:55]} d5 {[%emt 0:00:04]} 3. Nf3 {[%emt 0:00:03]} Nf6 {[%emt 0:00:11]} 4. e5 {[%emt 0:00:17]} Ne4 {[%emt 0:00:07]} 5. Ne2 {[%emt 0:00:11]} Qb6 {[%emt 0:00:26]} 6. d4 {[%emt 0:05:24]} e6 {[%emt 0:00:18]} 7. Nfg1 {[%emt 0:07:02]} f6 {[%emt 0:09:59]} 8. f3 {[%emt 0:07:19]} Ng5 {[%emt 0:04:33]} 9. Bxg5 {[%emt 0:05:45]} fxg5 {[%emt 0:00:05]} 10. Rb1 {[%emt 0:02:58]} c5 {[%emt 0:00:51]} 11. Qd2 {[%emt 0:02:12]} Nc6 {[%emt 0:06:22]} 12. Qxg5 {[%emt 0:05:39]} cxd4 {[%emt 0:00:10]} 13. Nf4 {[%emt 0:01:17]} Bb4+ {[%emt 0:01:19]} 14. Kd1 {[%emt 0:03:12]} Bd7 {[%emt 0:04:27]} 15. Bd3 {[%emt 0:05:40]} g6 {[%emt 0:19:37]} 16. Nxg6 {[%emt 0:19:20]} Rg8 {[%emt 0:00:05]} 17. Qf6 {[%emt 0:01:14]} Ne7 {[%emt 0:05:19]} 18. Nxe7 {[%emt 0:09:29]} Bxe7 {[%emt 0:00:06]} 19. Qh6 {[%emt 0:00:15]} O-O-O {[%emt 0:10:49]} 20. Qxh7 {[%emt 0:02:16]} Bg5 {[%emt 0:00:27]} 21. g3 {[%emt 0:02:05]} Rh8 {[%emt 0:00:32]} 22. Qf7 {[%emt 0:08:17]} Rdf8 {[%emt 0:00:12]} 23. Qxf8+ {[%emt 0:00:48]} Rxf8 {[%emt 0:00:10]} 24. h4 {[%emt 0:00:02]} Be3 {[%emt 0:00:17]} 25. Ke2 {[%emt 0:00:22]} Bb5 {[%emt 0:00:18]} 26. f4 {[%emt 0:01:07]} Bxd3+ {[%emt 0:03:26]} 27. cxd3 {[%emt 0:00:31]} Qa5 {[%emt 0:01:37]} 28. Nh3 {[%emt 0:00:05]} Qd2+ {[%emt 0:01:00]} 29. Kf3 {[%emt 0:00:02]} Qxd3 {[%emt 0:00:12]} 30. Rbd1 {[%emt 0:00:44]} Qe4+ {[%emt 0:06:00]} 31. Kg4 {[%emt 0:00:44]} Rg8+ {[%emt 0:01:19]} 32. Ng5 {[%emt 0:00:36]} Qg2 {[%emt 0:03:38]} 33. h5 {[%emt 0:02:25]} Qe2+ {[%emt 0:07:53]} 34. Kh4 {[%emt 0:00:46]} Rh8 {[%emt 0:00:54]} 0-1

[Event "SVK-ch Open 2018"]
[Site "Banska Stiavnica"]
[Date "2018.07.10"]
[Round "4"]
[White "Mrvova, Alena"]
[Black "Toma, Rudolf"]
[Result "1/2-1/2"]
[WhiteElo "2202"]
[BlackElo "2018"]
[Annotator "NA"]
[PlyCount "75"]
[EventDate "2018.07.07"]
[EventType "swiss"]
[EventCountry "SVK"]
[SourceTitle "playchess.com"]
[Source "ChessBase"]
[SourceQuality "1"]
[TimeControl "40/5400+30:1800+30"]

1. e4 {[%emt 0:00:00]} c6 {[%emt 0:00:00]} 2. d4 {[%emt 0:00:00]} d5 {[%emt 0:00:00]} 3. Bd3 {[%emt 0:00:07]} dxe4 {[%emt 0:00:20]} 4. Bxe4 {[%emt 0:00:05]} Nf6 {[%emt 0:00:13]} 5. Bf3 {[%emt 0:00:13]} Bf5 {[%emt 0:00:22]} 6. Ne2 {[%emt 0:00:43]} e6 {[%emt 0:00:30]} 7. c3 {[%emt 0:02:06]} Nbd7 {[%emt 0:00:22]} 8. Nd2 {[%emt 0:02:48]} e5 {[%emt 0:00:49]} 9. Ng3 {[%emt 0:03:01]} Bg6 {[%emt 0:02:39]} 10. Qe2 {[%emt 0:06:43]} Qe7 {[%emt 0:02:05]} 11. Nc4 {[%emt 0:02:06]} e4 {[%emt 0:06:22]} 12. Bh5 {[%emt 0:00:55]} Nxh5 {[%emt 0:02:25]} 13. Nxh5 {[%emt 0:00:06]} Bxh5 {[%emt 0:00:38]} 14. Qxh5 {[%emt 0:00:05]} g6 {[%emt 0:00:06]} 15. Qe2 {[%emt 0:01:08]} b5 {[%emt 0:02:55]} 16. Na5 {[%emt 0:03:19]} Qe6 {[%emt 0:00:13]} 17. O-O {[%emt 0:00:40]} Bg7 {[%emt 0:00:22]} 18. Re1 {[%emt 0:01:17]} f5 {[%emt 0:01:14]} 19. f3 {[%emt 0:00:56]} Nf6 {[%emt 0:00:51]} 20. Bg5 {[%emt 0:01:14]} O-O {[%emt 0:00:18]} 21. Bxf6 {[%emt 0:00:29]} Qxf6 {[%emt 0:01:00]} 22. fxe4 {[%emt 0:00:31]} fxe4 {[%emt 0:00:14]} 23. Qxe4 {[%emt 0:05:46]} Qf2+ {[%emt 0:00:59]} 24. Kh1 {[%emt 0:00:03]} Qxb2 {[%emt 0:00:23]} 25. Nxc6 {[%emt 0:02:54]} Qxc3 {[%emt 0:04:23]} 26. Rad1 {[%emt 0:13:19]} Qc4 {[%emt 0:01:20]} 27. Qe6+ {[%emt 0:05:15]} Kh8 {[%emt 0:00:08]} 28. Qxc4 {[%emt 0:07:09]} bxc4 {[%emt 0:00:06]} 29. Kg1 {[%emt 0:01:13]} c3 {[%emt 0:00:32]} 30. d5 {[%emt 0:08:29]} Rac8 {[%emt 0:00:34]} 31. Re4 {[%emt 0:07:26]} Bh6 {[%emt 0:04:09]} 32. Rc4 {[%emt 0:01:34]} Be3+ {[%emt 0:00:07]} 33. Kh1 {[%emt 0:00:03]} Bd2 {[%emt 0:00:17]} 34. g3 {[%emt 0:02:58]} Rfd8 {[%emt 0:01:25]} 35. Rc5 {[%emt 0:00:43]} Rxd5 {[%emt 0:02:11]} 36. Rxd5 {[%emt 0:00:05]} Rxc6 {[%emt 0:00:07]} 37. R5xd2 {[%emt 0:00:04]} cxd2 {[%emt 0:00:10]} 38. Rxd2 {[%emt 0:00:41]} 1/2-1/2

[Event "SVK-ch Open 2018"]
[Site "Banska Stiavnica"]
[Date "2018.07.10"]
[Round "4"]
[White "Jamrich, Gyorgy"]
[Black "Bochnicka, Vladimir"]
[Result "1-0"]
[WhiteElo "2200"]
[BlackElo "2092"]
[Annotator "NA"]
[PlyCount "53"]
[EventDate "2018.07.07"]
[EventType "swiss"]
[EventCountry "SVK"]
[SourceTitle "playchess.com"]
[Source "ChessBase"]
[SourceQuality "1"]
[TimeControl "40/5400+30:1800+30"]

1. e4 {[%emt 0:00:00]} c5 {[%emt 0:00:00]} 2. Nc3 {[%emt 0:00:00]} Nc6 {[%emt 0:00:00]} 3. g3 {[%emt 0:00:00]} d6 {[%emt 0:00:29]} 4. Bg2 {[%emt 0:00:04]} g6 {[%emt 0:02:00]} 5. f4 {[%emt 0:01:26]} Bg7 {[%emt 0:00:15]} 6. Nf3 {[%emt 0:00:06]} e6 {[%emt 0:03:01]} 7. O-O {[%emt 0:01:33]} Nge7 {[%emt 0:00:22]} 8. Ne2 {[%emt 0:01:06]} d5 {[%emt 0:08:25]} 9. e5 {[%emt 0:00:42]} O-O {[%emt 0:03:45]} 10. d4 {[%emt 0:00:42]} c4 {[%emt 0:02:03]} 11. g4 {[%emt 0:01:23]} b5 {[%emt 0:03:43]} 12. Qe1 {[%emt 0:01:19]} b4 {[%emt 0:03:40]} 13. Qh4 {[%emt 0:00:29]} Qb6 {[%emt 0:12:10]} 14. c3 {[%emt 0:01:04]} a5 {[%emt 0:15:14]} 15. Kh1 {[%emt 0:14:05]} Qd8 {[%emt 0:08:41]} 16. f5 {[%emt 0:04:33]} exf5 {[%emt 0:02:36]} 17. Bh6 {[%emt 0:00:18]} Re8 {[%emt 0:12:57]} 18. Ng5 {[%emt 0:09:56]} Bh8 {[%emt 0:00:12]} 19. Ng3 {[%emt 0:12:36]} Be6 {[%emt 0:09:08]} 20. gxf5 {[%emt 0:14:22]} gxf5 {[%emt 0:00:26]} 21. Qh5 {[%emt 0:02:04]} Qd7 {[%emt 0:02:12]} 22. Nxh7 {[%emt 0:06:13]} Kxh7 {[%emt 0:00:47]} 23. Bg5+ {[%emt 0:00:06]} Kg8 {[%emt 0:00:20]} 24. Bf6 {[%emt 0:00:07]} Ng6 {[%emt 0:05:47]} 25. Qh6 {[%emt 0:00:28]} Nce7 {[%emt 0:02:10]} 26. Bxh8 {[%emt 0:00:46]} Nxh8 {[%emt 0:00:45]} 27. Nh5 {[%emt 0:00:07]} 1-0

[Event "SVK-ch Open 2018"]
[Site "Banska Stiavnica"]
[Date "2018.07.10"]
[Round "4"]
[White "Sikorova, Olga"]
[Black "Istok, Vojtech"]
[Result "1-0"]
[WhiteElo "2193"]
[BlackElo "1971"]
[Annotator "NA"]
[PlyCount "121"]
[EventDate "2018.07.07"]
[EventType "swiss"]
[EventCountry "SVK"]
[SourceTitle "playchess.com"]
[Source "ChessBase"]
[SourceQuality "1"]
[TimeControl "40/5400+30:1800+30"]

1. c4 {[%emt 0:00:00]} Nf6 {[%emt 0:01:22]} 2. g3 {[%emt 0:00:00]} c5 {[%emt 0:00:20]} 3. Bg2 {[%emt 0:00:15]} Nc6 {[%emt 0:00:19]} 4. Nc3 {[%emt 0:00:42]} g6 {[%emt 0:00:09]} 5. e4 {[%emt 0:00:41]} Bg7 {[%emt 0:00:26]} 6. Nge2 {[%emt 0:00:07]} O-O {[%emt 0:00:29]} 7. O-O {[%emt 0:00:10]} d6 {[%emt 0:04:33]} 8. d3 {[%emt 0:00:42]} Bg4 {[%emt 0:06:35]} 9. f3 {[%emt 0:01:28]} Bd7 {[%emt 0:00:20]} 10. h3 {[%emt 0:01:14]} Ne8 {[%emt 0:01:25]} 11. f4 {[%emt 0:07:58]} f5 {[%emt 0:07:58]} 12. Be3 {[%emt 0:05:59]} Nd4 {[%emt 0:14:14]} 13. Qd2 {[%emt 0:03:30]} Bc6 {[%emt 0:02:53]} 14. Rae1 {[%emt 0:05:49]} Nc7 {[%emt 0:03:03]} 15. b4 {[%emt 0:08:36]} Nxe2+ {[%emt 0:07:51]} 16. Nxe2 {[%emt 0:01:16]} cxb4 {[%emt 0:00:19]} 17. Qxb4 {[%emt 0:00:28]} Na6 {[%emt 0:02:32]} 18. Qd2 {[%emt 0:02:23]} e5 {[%emt 0:09:38]} 19. fxe5 {[%emt 0:14:50]} dxe5 {[%emt 0:01:09]} 20. Nc3 {[%emt 0:02:10]} fxe4 {[%emt 0:01:38]} 21. Nxe4 {[%emt 0:03:03]} Qc7 {[%emt 0:04:30]} 22. Bg5 {[%emt 0:04:38]} Qb6+ {[%emt 0:04:05]} 23. Kh2 {[%emt 0:00:54]} Nc5 {[%emt 0:03:24]} 24. Be3 {[%emt 0:05:49]} Nxe4 {[%emt 0:00:37]} 25. Bxe4 {[%emt 0:00:10]} Qc7 {[%emt 0:01:05]} 26. Qg2 {[%emt 0:01:12]} Bxe4 {[%emt 0:04:41]} 27. Qxe4 {[%emt 0:00:12]} Rad8 {[%emt 0:01:32]} 28. Rxf8+ {[%emt 0:06:51]} Rxf8 {[%emt 0:00:05]} 29. Rb1 {[%emt 0:04:06]} b6 {[%emt 0:01:59]} 30. Rb5 {[%emt 0:01:15]} Qf7 {[%emt 0:03:08]} 31. Qd5 {[%emt 0:00:52]} h6 {[%emt 0:00:12]} 32. Kg2 {[%emt 0:00:43]} Kh7 {[%emt 0:00:14]} 33. Qxf7 {[%emt 0:00:28]} Rxf7 {[%emt 0:00:04]} 34. Rd5 {[%emt 0:01:34]} g5 {[%emt 0:00:55]} 35. a4 {[%emt 0:00:49]} Kg6 {[%emt 0:01:32]} 36. a5 {[%emt 0:02:34]} bxa5 {[%emt 0:00:26]} 37. Rxa5 {[%emt 0:00:07]} Rd7 {[%emt 0:01:52]} 38. Ra3 {[%emt 0:01:36]} a5 {[%emt 0:02:07]} 39. Kf3 {[%emt 0:00:39]} Bf8 {[%emt 0:00:21]} 40. Rxa5 {[%emt 0:04:53]} Rxd3 {[%emt 0:00:15]} 41. Rxe5 {[%emt 0:36:27]} Rc3 {[%emt 0:31:33]} 42. Re6+ {[%emt 0:02:32]} Kf5 {[%emt 0:00:38]} 43. Rc6 {[%emt 0:00:00]} h5 {[%emt 0:00:00]} 44. g4+ {[%emt 0:00:00]} hxg4+ {[%emt 0:00:00]} 45. hxg4+ {[%emt 0:00:00]} Ke5 {[%emt 0:00:00]} 46. c5 {[%emt 0:00:00]} Kd5 {[%emt 0:00:00]} 47. Rf6 {[%emt 0:00:00]} Rxe3+ {[%emt 0:00:00]} 48. Kxe3 {[%emt 0:00:00]} Bxc5+ {[%emt 0:00:00]} 49. Kd3 {[%emt 0:00:00]} Be7 {[%emt 0:00:00]} 50. Rf5+ {[%emt 0:00:00]} Ke6 {[%emt 0:00:00]} 51. Ke4 {[%emt 0:00:00]} Bd8 {[%emt 0:00:00]} 52. Rc5 {[%emt 0:00:00]} Kf7 {[%emt 0:00:00]} 53. Kf5 {[%emt 0:00:00]} Bb6 {[%emt 0:00:00]} 54. Rc3 {[%emt 0:00:00]} Ba5 {[%emt 0:00:00]} 55. Rc2 {[%emt 0:00:00]} Bd8 {[%emt 0:00:00]} 56. Rc8 {[%emt 0:00:00]} Bf6 {[%emt 0:00:00]} 57. Rc7+ {[%emt 0:00:23]} Be7 {[%emt 0:00:00]} 58. Rxe7+ {[%emt 0:04:20]} Kxe7 {[%emt 0:00:00]} 59. Kxg5 {[%emt 0:00:01]} Kf7 {[%emt 0:00:00]} 60. Kh6 {[%emt 0:00:07]} Kg8 {[%emt 0:00:00]} 61. g5 {[%emt 0:00:31]} 1-0

[Event "SVK-ch Open 2018"]
[Site "Banska Stiavnica"]
[Date "2018.07.10"]
[Round "4"]
[White "Lintner, Igor"]
[Black "Dylag, Emilia"]
[Result "1/2-1/2"]
[WhiteElo "2173"]
[BlackElo "1935"]
[Annotator "NA"]
[PlyCount "86"]
[EventDate "2018.07.07"]
[EventType "swiss"]
[EventCountry "SVK"]
[SourceTitle "playchess.com"]
[Source "ChessBase"]
[SourceQuality "1"]
[TimeControl "40/5400+30:1800+30"]

1. d4 {[%emt 0:00:00]} Nf6 {[%emt 0:00:00]} 2. Bf4 {[%emt 0:00:00]} g6 {[%emt 0:00:00]} 3. Nc3 {[%emt 0:00:06]} Bg7 {[%emt 0:01:02]} 4. e4 {[%emt 0:01:15]} d6 {[%emt 0:00:36]} 5. Qd2 {[%emt 0:00:34]} h5 {[%emt 0:04:48]} 6. O-O-O {[%emt 0:05:13]} Nbd7 {[%emt 0:03:43]} 7. f3 {[%emt 0:01:55]} Nb6 {[%emt 0:02:53]} 8. h4 {[%emt 0:05:55]} c6 {[%emt 0:06:14]} 9. Kb1 {[%emt 0:04:53]} Qc7 {[%emt 0:05:49]} 10. Be2 {[%emt 0:04:20]} Bd7 {[%emt 0:06:04]} 11. e5 {[%emt 0:16:23]} Nfd5 {[%emt 0:01:44]} 12. exd6 {[%emt 0:01:16]} Nxc3+ {[%emt 0:03:30]} 13. Qxc3 {[%emt 0:00:12]} exd6 {[%emt 0:00:25]} 14. Qa3 {[%emt 0:00:30]} Bf8 {[%emt 0:00:58]} 15. Bd3 {[%emt 0:02:15]} O-O-O {[%emt 0:22:47]} 16. Qxa7 {[%emt 0:07:52]} Nd5 {[%emt 0:02:36]} 17. Bd2 {[%emt 0:02:49]} b5 {[%emt 0:03:28]} 18. Qa8+ {[%emt 0:07:26]} Qb8 {[%emt 0:00:08]} 19. Qa5 {[%emt 0:00:15]} Qb6 {[%emt 0:06:00]} 20. Qxb6 {[%emt 0:06:42]} Nxb6 {[%emt 0:00:06]} 21. Ne2 {[%emt 0:03:54]} Bg7 {[%emt 0:01:23]} 22. c3 {[%emt 0:01:20]} Kc7 {[%emt 0:01:42]} 23. Rhe1 {[%emt 0:04:26]} Ra8 {[%emt 0:01:32]} 24. Nc1 {[%emt 0:02:45]} Bf6 {[%emt 0:06:35]} 25. g3 {[%emt 0:01:31]} Nc4 {[%emt 0:03:11]} 26. Bf4 {[%emt 0:05:45]} Rhg8 {[%emt 0:03:44]} 27. Nb3 {[%emt 0:01:20]} g5 {[%emt 0:04:59]} 28. Bc1 {[%emt 0:06:08]} gxh4 {[%emt 0:00:49]} 29. gxh4 {[%emt 0:00:02]} Bxh4 {[%emt 0:00:53]} 30. Rh1 {[%emt 0:00:18]} Bg5 {[%emt 0:00:54]} 31. Rxh5 {[%emt 0:01:57]} Bxc1 {[%emt 0:00:22]} 32. Rxc1 {[%emt 0:00:16]} Rg2 {[%emt 0:00:41]} 33. Rc2 {[%emt 0:03:27]} Rg1+ 34. Rc1 Rxc1+ {[%emt 0:02:20]} 35. Nxc1 {[%emt 0:01:08]} Nd2+ {[%emt 0:00:59]} 36. Kc2 {[%emt 0:00:01]} Nxf3 {[%emt 0:00:28]} 37. Be4 {[%emt 0:01:04]} Ne1+ {[%emt 0:01:23]} 38. Kd2 {[%emt 0:01:37]} Re8 {[%emt 0:00:10]} 39. Rh4 {[%emt 0:01:33]} Bf5 {[%emt 0:00:58]} 40. Kxe1 {[%emt 0:00:55]} Rxe4+ {[%emt 0:00:23]} 41. Rxe4 {[%emt 0:30:04]} Bxe4 {[%emt 0:30:05]} 42. Kd2 {[%emt 0:00:00]} Kb6 {[%emt 0:00:00]} 43. Ke3 {[%emt 0:00:00]} Bb1 {[%emt 0:00:00] Ke4} 1/2-1/2

[Event "SVK-ch Open 2018"]
[Site "Banska Stiavnica"]
[Date "2018.07.10"]
[Round "4"]
[White "Nogrady, Vilmos"]
[Black "Pereszlenyi, Gejza"]
[Result "0-1"]
[WhiteElo "2154"]
[BlackElo "1899"]
[Annotator "NA"]
[PlyCount "140"]
[EventDate "2018.07.07"]
[EventType "swiss"]
[EventCountry "SVK"]
[SourceTitle "playchess.com"]
[Source "ChessBase"]
[SourceQuality "1"]
[TimeControl "40/5400+30:1800+30"]

1. e4 {[%emt 0:02:20]} Nf6 {[%emt 0:00:00]} 2. e5 {[%emt 0:02:20]} Nd5 {[%emt 0:00:22]} 3. d4 {[%emt 0:00:07]} d6 {[%emt 0:00:29]} 4. Nf3 {[%emt 0:00:34]} Nc6 {[%emt 0:03:59]} 5. Be2 {[%emt 0:05:00]} dxe5 {[%emt 0:02:24]} 6. dxe5 {[%emt 0:03:44]} Bf5 {[%emt 0:02:03]} 7. O-O {[%emt 0:05:43]} Ndb4 {[%emt 0:18:58]} 8. Na3 {[%emt 0:01:52]} Qxd1 {[%emt 0:01:32]} 9. Bxd1 {[%emt 0:00:57]} O-O-O {[%emt 0:00:53]} 10. c3 {[%emt 0:05:42]} Nd3 {[%emt 0:00:52]} 11. Nc2 {[%emt 0:18:13]} Ndxe5 {[%emt 0:01:25]} 12. Ncd4 {[%emt 0:09:49]} Nxf3+ {[%emt 0:03:01]} 13. Bxf3 {[%emt 0:01:21]} Nxd4 {[%emt 0:02:48]} 14. cxd4 {[%emt 0:00:02]} e6 {[%emt 0:00:31]} 15. Be3 {[%emt 0:01:59]} a6 {[%emt 0:11:37]} 16. Rfc1 {[%emt 0:04:57]} Bd6 {[%emt 0:01:27]} 17. Rc3 {[%emt 0:01:46]} Rd7 {[%emt 0:09:35]} 18. a3 {[%emt 0:02:34]} c6 {[%emt 0:01:53]} 19. Rac1 {[%emt 0:01:22]} Bc7 {[%emt 0:03:04]} 20. b4 {[%emt 0:01:20]} Kb8 {[%emt 0:04:31]} 21. a4 {[%emt 0:02:30]} Bd6 {[%emt 0:03:35]} 22. Rb3 {[%emt 0:04:39]} f6 {[%emt 0:02:10]} 23. b5 {[%emt 0:07:38]} cxb5 {[%emt 0:00:24]} 24. axb5 {[%emt 0:00:12]} a5 {[%emt 0:00:42]} 25. Ra1 {[%emt 0:01:32]} Bb4 {[%emt 0:00:39]} 26. Bf4+ {[%emt 0:11:00]} Bd6 {[%emt 0:01:06]} 27. Bxd6+ {[%emt 0:00:04]} Rxd6 {[%emt 0:00:08]} 28. Rxa5 {[%emt 0:00:18]} Rxd4 {[%emt 0:01:14]} 29. b6 {[%emt 0:01:10]} Rhd8 {[%emt 0:03:01]} 30. h3 {[%emt 0:00:16]} R8d6 {[%emt 0:01:14]} 31. Ra7 {[%emt 0:03:06]} Be4 {[%emt 0:00:38]} 32. Bxe4 {[%emt 0:00:39]} Rxe4 {[%emt 0:00:15]} 33. Ra2 {[%emt 0:00:15]} Re1+ {[%emt 0:04:25]} 34. Kh2 {[%emt 0:00:02]} Rc1 {[%emt 0:00:10]} 35. Ra4 {[%emt 0:00:41]} Rcc6 {[%emt 0:01:01]} 36. Rab4 {[%emt 0:00:29]} e5 {[%emt 0:01:20]} 37. Rb2 {[%emt 0:00:25]} Kc8 {[%emt 0:00:39]} 38. g3 {[%emt 0:00:15]} Kd7 {[%emt 0:00:29]} 39. Kg2 {[%emt 0:00:54]} Ke6 {[%emt 0:00:34]} 40. Rb5 {[%emt 0:00:42]} f5 {[%emt 0:03:09]} 41. R5b4 {[%emt 0:02:53]} g5 {[%emt 0:00:40]} 42. R4b3 {[%emt 0:01:42]} h5 {[%emt 0:00:49]} 43. Rb5 {[%emt 0:01:54]} g4 {[%emt 0:01:06]} 44. R5b4 {[%emt 0:03:40]} e4 {[%emt 0:00:16]} 45. Rb5 {[%emt 0:01:35]} Rd1 {[%emt 0:04:11]} 46. Rb1 {[%emt 0:07:48]} Rd2 {[%emt 0:06:18]} 47. hxg4 {[%emt 0:01:41]} hxg4 {[%emt 0:00:25]} 48. Rh1 {[%emt 0:01:47]} Rd5 {[%emt 0:08:14]} 49. Rh6+ {[%emt 0:02:18]} Ke5 {[%emt 0:00:16]} 50. Rxc6 {[%emt 0:05:26]} Rxb5 {[%emt 0:01:11]} 51. Rg6 {[%emt 0:00:13]} e3 {[%emt 0:04:53]} 52. fxe3 {[%emt 0:00:39]} Rb2+ {[%emt 0:00:04]} 53. Kf1 {[%emt 0:01:29]} Ke4 {[%emt 0:00:56]} 54. Rf6 {[%emt 0:00:45]} Kxe3 {[%emt 0:02:13]} 55. Rxf5 {[%emt 0:00:59]} Rb1+ {[%emt 0:00:03]} 56. Kg2 {[%emt 0:00:03]} Rxb6 {[%emt 0:00:14]} 57. Rf4 {[%emt 0:01:49]} Rg6 {[%emt 0:00:51]} 58. Rb4 {[%emt 0:00:31]} b6 {[%emt 0:00:03]} 59. Rb5 {[%emt 0:01:04]} Kd4 {[%emt 0:00:18]} 60. Kf2 {[%emt 0:00:49]} Kc4 {[%emt 0:00:09]} 61. Rf5 {[%emt 0:00:47]} b5 {[%emt 0:00:17]} 62. Ke3 {[%emt 0:00:44]} b4 {[%emt 0:00:19]} 63. Rf8 {[%emt 0:00:44]} b3 {[%emt 0:02:23]} 64. Rb8 {[%emt 0:00:39]} Rg5 {[%emt 0:01:34]} 65. Kd2 {[%emt 0:00:55]} Rd5+ {[%emt 0:01:04]} 66. Kc1 {[%emt 0:00:11]} Rd3 {[%emt 0:00:15]} 67. Rc8+ {[%emt 0:00:37]} Kd4 {[%emt 0:00:18]} 68. Rd8+ {[%emt 0:00:24]} Ke3 {[%emt 0:00:11]} 69. Rf8 {[%emt 0:00:23]} Ke2 {[%emt 0:00:21]} 70. Re8+ {[%emt 0:01:06]} Kf3 {[%emt 0:00:14]} 0-1